000 00245nam a22001217a 4500
040 _cHS
082 _a338
100 _aSADHU
245 _aFundamentals of agricultural economics
260 _aJammu
_bSADHU
_c1993
300 _a421p;
942 _cEK
999 _c9988
_d9988